|
|
แสดงรายละเอียดบรรณานุกรม |
|
|
Brief Record
: Get Marc (ISO 2709)
: E-mail record
: |
|
|
| LEADER 01174nam 2200277 a 4500 | |||
| 008 030417s2009 caua sb 001 0 eng | |||
| 020 ^a978-0-323-0567-0-0 | |||
| 060 ^aWQ 39 T894M 2009. | |||
| 100 ^aTucker, Susan M. | |||
| 245 ^aMosby's pocket guide series to fetal monitoring : a multidisciplinary approach. | |||
| 650 ^aFetal monitoring - - handbook. | |||
| 999 ^aKey new Using ULIBM easy add form | |||
| คุณยังไม่ได้ล็อกอิน คุณสามารถมีกิจกรรมร่วมกับเว็บไซต์ได้ แต่ต้องล็อกอินก่อน :: |
|
| สถานะ | |||||||||
| 1. | หนังสือทั่วไป | 2009 | On Shelf ขอยืม | ||||||
| [แสดง 1/1 รายการ] | |||||||||
BibComment |
| คอมเมนท์ทรัพยากรรายการนี้ |
|
|